Представление документа в формате MARC21

Поле Инд. ПП Название Значение
Тип записи a
Библиографический уровень m
001 Контрольный номер a8c52552-dd74-452f-bbf3-0ece96475d1d
005 Дата корректировки 20200423085333.7
008 Кодируемые данные 000706 d
020 a ISBN 5-7966-0683-2
c Цена, тираж 5000.00
040 a Служба первич. каталог. НБ ТвГУ
041 0_ a Код языка текста rus
080 a Индекс УДК 1(436)(091)(081.2)
a Индекс УДК 159.922.1(081.2)
084 a Индекс другой классификации/Индекс ББК Ю3(4АВС)6-63
a Индекс другой классификации/Индекс ББК Ю937.3
090 a Полочн. индекс Ю3(4АВС)
x Авторский знак Ф 86
100 1_ a Автор Фрейд Зигмунд
e Роль лиц Автор
245 00 a Заглавие Очерки по психологии сексуальности
c Ответственность Зигмунд Фрейд ; перевод М. В. Вульфа ; предисловие И.Д. Ермакова ; послесловие Ю. В. Ширина
260 0_ a Место издания Рига
b Издательство Зинатне
c Дата издания 1990
300 a Объем 173,[2] с.
583 k Исполнитель действия Бабушкина И.Н.
653 0_ a Ключевые слова Австрийская философия
a Ключевые слова Пол
a Ключевые слова Психология пола
a Ключевые слова Психология сексуальности
a Ключевые слова Психоанализ
a Ключевые слова Сексуальные отклонения
a Ключевые слова Инфатильная сексуальность
a Ключевые слова Нарцизм
a Ключевые слова Табу девственности
a Ключевые слова Либидо
a Ключевые слова Сексуальность
a Ключевые слова 19-20 вв.
a Ключевые слова Австрия
700 12 a Другие авторы Вульф М. В.
e Роль лиц Переводчик
700 12 a Другие авторы Ермаков И. Д.
e Роль лиц предисл.
901 t Тип документа m
920 a Оператор Лиси
a Оператор Суха
930 a Новая/Ретро ретро
954 a Дата поступления на обработку 24.05.95
954 a Дата поступления на обработку 20200423